Normal view MARC view
  • Gallaway, Bob M

Entry Personal Name

Number of records used in: 1

001 - CONTROL NUMBER

  • control field: 43883

003 - CONTROL NUMBER IDENTIFIER

  • control field: NUST

005 - DATE AND TIME OF LATEST TRANSACTION

  • control field: 20210314132821.0

008 - FIXED-LENGTH DATA ELEMENTS

  • fixed length control field: 210314|| aca||aabn | a|a d

040 ## - CATALOGING SOURCE

  • Original cataloging agency: NUST
  • Transcribing agency: NUST

100 ## - HEADING--PERSONAL NAME

  • Personal name: Gallaway, Bob M

670 ## - SOURCE DATA FOUND

  • Source citation: Work cat.: (NUST): Epps, Jon A. 21659, Paving with asphalt cements produced in the 1980's /, [1983]
© 2023 Central Library, National University of Sciences and Technology. All Rights Reserved.